| 000 | 00498nam a2200205Ia 4500 | ||
|---|---|---|---|
| 005 | 20230527110354.0 | ||
| 008 | 131103s9999 xx 000 0 und d | ||
| 040 | _aLoreto College | ||
| 041 | _aEnglish | ||
| 082 |
_a824.8 _bEVA |
||
| 100 | _aEvans, Joan | ||
| 245 |
_aJohn Ruskin _cJoan Evans |
||
| 260 |
_aLondon _bJonathan Cape _c1954 |
||
| 300 | _a447p. | ||
| 504 | _aIncludes index | ||
| 650 | _aRuskin, John - Biography | ||
| 651 | _aEnglish essays | ||
| 850 | _aLCLIB | ||
| 942 | _cBK | ||
| 999 |
_c22812 _d73291 |
||